Financovanie a podpora regionálneho rozvoja vo vybraných krajinách bakalárska práca

Salvato in:
Dettagli Bibliografici
Autore principale: Holienčin, Anton
Ente Autore: Národohospodárska fakulta EU. Katedra financií
Altri autori: Brindzová, Zuzana
Natura: Libro
Lingua:slovacco
Pubblicazione: Bratislava 2016
Tags: Aggiungi Tag
Nessun Tag, puoi essere il primo ad aggiungerne!!

MARC

LEADER 00000nbm a2200000 4500
001 0219674
005 20161221095122.7
041 0 |a slo 
044 |a SK 
245 1 0 |a Financovanie a podpora regionálneho rozvoja vo vybraných krajinách  |b bakalárska práca  |c Anton Holienčin ; školiteľ: Zuzana Brindzová 
264 1 |a Bratislava  |c 2016 
300 |a 79 s. 
100 1 |a Holienčin, Anton 
700 1 |a Brindzová, Zuzana 
710 2 |a Národohospodárska fakulta EU. Katedra financií